Alberti Hurtado Cruchaga: canonizationis servi dei

Bewaard in:
Bibliografische gegevens
Coauteur: Compañía de Jesús (Auteur)
Formaat: Boek
Taal:Spaans
Gepubliceerd in: Roma Compañía de Jesús 1987
Editie:1a. ed
Onderwerpen:
Online toegang:portada
Tags: Voeg label toe
Geen labels, Wees de eerste die dit record labelt!

MARC

LEADER 00000cam a2200000 a 4500
001 UCC8921
003 CL-VaPUC
008 190830e19870000it |||||||||||||||||spa|d
082 0 4 |a 922.283  |b COM  |2 21 
110 2 |a Compañía de Jesús  |e author  |9 603624 
245 1 0 |a Alberti Hurtado Cruchaga: canonizationis servi dei 
250 |a 1a. ed 
300 |a pág. irreg 
942 |c BK 
945 |d 20190830 10:52:00  |a dcastane 
260 |a Roma  |b Compañía de Jesús  |c 1987 
500 |a La obra consta de dos volúmenes, el primero es; Vida y actividad y el segundo; Documentos, ambos incluidos en un solo tomo 
600 0 |a Hurtado Cruchaga, Alberto   |d 1901-1952  |9 309962 
650 0 |a Biografías  |9 255210 
650 7 |a DERECHO CANONICO  |2 CL-VaPUC  |9 603625 
650 7 |a CANONIZACION  |2 CL-VaPUC  |9 258734 
856 7 |f UCC8921_01.jpg  |u http://opac.pucv.cl/pucv_img/Img-8500/UCC8921_01.jpg  |q JEPG  |2 file  |z portada 
583 |a last modification  |c 20190830 10:52:00  |k Rodrigo Vera 
999 |c 375122  |d 375120 
952 |0 0  |1 0  |3 erd  |4 0  |6 922_283000000000000_COM_1987  |7 0  |8 DER_HDC  |9 494014  |a BIBDER  |b BIBDER  |i 5596246  |l 1  |o 922.283 COM 1987  |p 5596246  |r 2023-01-25  |s 2020-03-19  |w 2019-11-24  |x Ubicación 4to Piso  |y BK_F  |z Estos recursos deben solicitarse con anticipación  |k DER